Formel 1 Podium 1984 - Statistiken

Allgemein
  • Dieses Quiz wurde 65 mal gespielt
  • Das Durchschnittsergebnis liegt bei 9 aus 13
Antwortstatistiken
Antwort % Korrekt
Alain Prost
100%
Ayrton Senna
96%
Niki Lauda
94%
Nelson Piquet
83%
Nigel Mansell
83%
Keke Rosberg
70%
Riccardo Patrese
68%
Rene Arnoux
62%
Michele Alboreto
60%
Elio de Angelis
53%
Patrick Tambay
53%
Derek Warwick
26%
Teodorico Fabi
13%
Keine übereinstimmenden Quizze gefunden
Verteilung der Resultate
Anzahl Personen mit jedem Resultat
Perzentil nach korrekt beantworteten Fragen
Ihre Resultats-Entwicklung
Sie haben dieses Quiz noch nicht gespielt